A history of British India (Record no. 553132)

000 -LEADER
fixed length control field 00457nam a22001457a 4500
082 ## - DEWEY DECIMAL CLASSIFICATION NUMBER
Classification number 954.031
Author Mark HUN
100 1# - MAIN ENTRY--PERSONAL NAME
Personal name Hunter, William Wilson,
9 (RLIN) 49482
245 12 - TITLE STATEMENT
Title A history of British India
Statement of responsibility, etc. by Sir William Wilson Hunter.
260 ## - PUBLICATION, DISTRIBUTION, ETC.
Place of publication, distribution, etc. London ;
-- New York :
Name of publisher, distributor, etc. Longmans, Green, and Co.,
Date of publication, distribution, etc. 1899-1900.
300 ## - PHYSICAL DESCRIPTION
Extent 2 v. :475P.:
Other physical details map ;
Dimensions 22 cm.
500 ## - GENERAL NOTE
General note Includes index.
526 ## - STUDY PROGRAM INFORMATION NOTE
Program name 0
Interest level 0
Reading level 0
Title point value 954_031000000000000_HUN
650 ## - SUBJECT ADDED ENTRY--TOPICAL TERM
Topical term or geographic name entry element MCE
9 (RLIN) 379
942 ## - ADDED ENTRY ELEMENTS (KOHA)
Source of classification or shelving scheme
Koha item type Book
Holdings
Withdrawn status Lost status Source of classification or shelving scheme Damaged status Not for loan Permanent Location Current Location Shelving location Date acquired Total Checkouts Full call number Barcode Date last seen Price effective from Koha item type
          Military College of Engineering (MCE) Military College of Engineering (MCE)   01/29/2015   954.031 HUN MCE-ECH .11.1 01/29/2015 01/29/2015 Book
© 2023 Central Library, National University of Sciences and Technology. All Rights Reserved.